000 01164 a2200241 4500
003 NUST
005 20221216153209.0
010 _a 75103067
020 _a0716706806
040 _cNust
082 0 0 _a333.7,HER
100 1 _aEhrlich, Paul R.
_93627
245 1 0 _aPopulation resources environment :
_bissues in human ecology /
_c[by] Paul R. Ehrlich [and] Anne H. Ehrlich.
260 _aSan Francisco,
_bW. H. Freeman
_c[1970]
300 _a383 p.;
_billus.
_c26 cm.
490 0 _aA Series of books in biology
505 _aThe Crisis (Page-1), Number Of People (Page-5), Population Structure And Projection (Page-25), The Limits Of The Earth (Page-51), Food Production (Page-81), Environmental Threats To Man (Page-117), Ecosystems In Jeopardy (Page-157), Optimum Population And Human Biology (Page-199), Birth Control (Page-211), Family Planning And Population Control (Page-233), Social, Political And Economic Change (Page-259), The International Scene (Page-295), Conclusion (Page-321).
650 0 _aHuman ecology.
650 0 _aPollution.
_92629
650 0 _aPopulation.
_93628
700 1 _aEhrlich, Anne H.,
_942720
942 _2ddc
_cBK
_k333.7,HER
999 _c184321
_d184321